MANUAL DE ENFERMERIA MATERNO - INFANTIL : (Registro nro. 18334)
[ vista simple ]
| 000 -LEADER | |
|---|---|
| fixed length control field | 00577nam a2200181 a 4500 |
| 001 - CONTROL NUMBER | |
| control field | 18334 |
| 005 - DATE AND TIME OF LATEST TRANSACTION | |
| control field | 20180713211615.0 |
| 008 - FIXED-LENGTH DATA ELEMENTS--GENERAL INFORMATION | |
| fixed length control field | 140415s1987 mx 000 0 spa d |
| 020 ## - INTERNATIONAL STANDARD BOOK NUMBER | |
| International Standard Book Number | 968251150X |
| 041 ## - LANGUAGE CODE | |
| Language code of text/sound track or separate title | spa |
| 082 ## - DEWEY DECIMAL CLASSIFICATION NUMBER | |
| Classification number | 614.07362 |
| Item number | OLD |
| 100 1# - MAIN ENTRY--PERSONAL NAME | |
| Personal name | OLDS, SALLY B. |
| 245 10 - TITLE STATEMENT | |
| Title | MANUAL DE ENFERMERIA MATERNO - INFANTIL : |
| Remainder of title | UN CONCEPTO INTEGRAL FAMILIAR |
| 260 ## - PUBLICATION, DISTRIBUTION, ETC. | |
| Place of publication, distribution, etc. | MEXICO : |
| Name of publisher, distributor, etc. | INTERAMERICANA MC GRAW HILL, |
| Date of publication, distribution, etc. | 1987 |
| 650 14 - SUBJECT ADDED ENTRY--TOPICAL TERM | |
| Topical term or geographic name entry element | ENFERMERIA GINECOLOGICA |
| General subdivision | ENFERMERIA PEDIATRICA |
| 700 1# - ADDED ENTRY--PERSONAL NAME | |
| Personal name | MARCIA L. LONDON |
| Relator term | tr. |
| 740 ## - ADDED ENTRY--UNCONTROLLED RELATED/ANALYTICAL TITLE | |
| Uncontrolled related/analytical title | MATERNAL-NEWBORN NURSING |
| Withdrawn status | Lost status | Source of classification or shelving scheme | Damaged status | Not for loan | Collection code | Home library | Current library | Shelving location | Date acquired | Source of acquisition | Inventory number | Total Checkouts | Full call number | Barcode | Date last seen | Date last checked out | Price effective from | Koha item type |
|---|---|---|---|---|---|---|---|---|---|---|---|---|---|---|---|---|---|---|
| Dewey Decimal Classification | General | Biblioteca Karol Wojtyla | Biblioteca Karol Wojtyla | Sala general | 03/12/2013 | Compra | 151000000000000000010574 | 614.07362 OLD | 37600 | 05/01/2026 | 15/07/2017 | 03/12/2013 | Libro |